000 00387nam a22001577a 4500
003 OSt
005 20211006125126.0
008 211006b |||||||| |||| 00| 0 eng d
020 _a9780314171696
040 _aHU
_cDDC
082 _a341/BUE
245 _aPublic international law : in nutshell
260 _aUSA
_bThomson & West
_c2007
300 _axxxv,403p,15cm
942 _2ddc
_cBOOKS
_n0
999 _c9996
_d9996